Tallest Countries - Statistics

General Stats
  • This quiz has been taken 586 times
  • The average score is 28 of 50
Answer Stats
Height Population Country % Correct
176.4 293,027,571 United States
93%
175.0 143,782,338 Russia
91%
175.4 60,270,708 United Kingdom
91%
174.3 32,507,874 Canada
86%
179.3 8,986,400 Sweden
86%
178.4 5,214,512 Finland
84%
179.7 4,737,171 Norway
84%
177.4 82,424,609 Germany
82%
181.0 16,318,199 Netherlands
81%
178.8 5,413,392 Denmark
80%
174.1 60,424,213 France
80%
172.0 40,280,780 Spain
79%
173.2 58,057,477 Italy
77%
177.0 8,174,762 Austria
73%
176.6 10,348,276 Belgium
73%
179.8 319,355 Iceland
72%
176.3 19,913,144 Australia
71%
176.0 38,626,349 Poland
71%
175.0 47,732,079 Ukraine
71%
170.5 10,524,145 Portugal
70%
176.5 7,450,867 Switzerland
70%
175.0 3,969,558 Ireland
69%
175.7 10,647,529 Greece
66%
177.1 1,307,605 Estonia
65%
177.6 4,496,869 Croatia
63%
176.5 10,159,046 Serbia
63%
175.0 3,565,205 Lithuania
62%
178.1 2,007,711 Slovenia
62%
175.3 10,106,017 Hungary
59%
178.0 486,006 Luxembourg
59%
175.5 3,993,817 New Zealand
59%
172.0 22,355,551 Romania
59%
174,1 68,893,918 Turkey
59%
178.3 10,246,178 Czech Republic
57%
171.3 39,144,753 Argentina
51%
170.3 76,117,421 Egypt
44%
170.6 67,503,205 Iran
39%
175.0 7,112,359 Israel
37%
170.7 32,209,101 Morocco
27%
171.0 18,016,874 Syria
25%
174.2 3,777,218 Lebanon
22%
170.3 9,974,722 Tunisia
21%
171.0 48,598,175 South Korea
20%
172.0 8,177,717 Azerbaijan
17%
172.8 2,804,332 Jamaica
17%
171.8 3,399,237 Uruguay
16%
173.4 26,410,416 Uzbekistan
10%
172.5 12,324,029 Mali
8%
173.0 10,852,147 Senegal
6%
170.4 18,373,060 Ivory Coast
2%
No matching quizzes found
Score Distribution
Percent of People with Each Score
Percentile by Number Answered
Your Score History
You have not taken this quiz